000 00399nam a22001337a 4500
005 20230113145256.0
008 230113b |||||||| |||| 00| 0 eng d
040 _c##$aRTC$cRTC
082 _a338.5
245 _aECO 101 :
_bMicroeconomics Coursepack
_cCompiled by Madhav Verma
260 _aThimphu :
_bRoyal Thimphu College,
_c2014
500 _aXerographic copy in a binder.
942 _2ddc
_cCE TEXBOOK
999 _c9221
_d9222